Food Logos Picture Quiz - Statistics

General Stats
  • This quiz has been taken 4,419 times
  • The average score is 9 of 10
Answer Stats
Picture Answer % Correct
KFC
99%
Mcdonald
99%
Pepsi
99%
Starbucks
99%
Pringles
98%
Taco Bell
96%
Wendy's
96%
Dunkin' Donuts
94%
Red Lobster
56%
Panera Bread
53%
No matching quizzes found
Score Distribution
Percent of People with Each Score
Percentile by Number Answered
Your Score History
You have not taken this quiz